000 00630caa a22001692a 4500
001 020361
003 AR-FADEU
008 311216n########xxu####################dd
092 _a415
_bC574
100 _aAmiritavalli, R.
245 _aFiniteness and negation in dravidian
300 _aPP. 178-220
500 _aEn: The Oxford handbook of comparative syntax / ed. Guglielmo Cinque. New York : Oxford University Press, 2005
700 _aK. A., Jayaseelan
942 _cBDGR
999 _c26085
_d26085
773 0 _026080
_925106
_aCinque, Guglielmo, ed.
_b
_dNew York
_o05365
_tThe Oxford handbook of comparative syntax
_w( AR-FADEU) 020356
_x
_z0-19-513650-0